[Event "Auckland North Shore op"]
[Site "Auckland"]
[Date "2025.05.14"]
[Round "4"]
[White "Holland, David"]
[Black "Isaac, Ceferino"]
[Result "1/2-1/2"]
[WhiteElo "1539"]
[BlackElo "1796"]
[PlyCount "53"]
[EventDate "2025.04.16"]
[EventType "swiss"]
[EventRounds "5"]
[EventCountry "NZL"]
[SourceTitle "CB23_2025"]
[SourceDate "2025.06.04"]
[SourceVersion "1"]
[SourceVersionDate "2025.06.04"]
[SourceQuality "1"]

1. e4 c5 2. Nf3 g6 3. d4 cxd4 4. Qxd4 Nf6 5. e5 Nc6 6. Qe3 Nd5 7. Qe4 Nb6 8. Bb5 Bg7 9. 0-0 0-0 10. Bf4 d5 11. Qe2 Bg4 12. Bxc6 bxc6 13. h3 Bxf3 14. Qxf3 Nc4 15. Qc3 Qc7 16. Re1 e6 17. b3 Nb6 18. Nd2 Nd7 19. Nf3 c5 20. Qd2 a5 21. Bh6 Nxe5 22. Nxe5 Bxe5 23. Bxf8 Bxa1 24. Bxc5 Qxc5 25. Rxa1 Rc8 26. Rc1 d4 27. a4 1/2-1/2

[Event "Auckland North Shore op"]
[Site "Auckland"]
[Date "2025.04.30"]
[Round "2"]
[White "Isaac, Ceferino"]
[Black "Guo, Anne Xuduo"]
[Result "0-1"]
[WhiteElo "1796"]
[BlackElo "1518"]
[PlyCount "66"]
[EventDate "2025.04.16"]
[EventType "swiss"]
[EventRounds "5"]
[EventCountry "NZL"]
[SourceTitle "CB23_2025"]
[SourceDate "2025.06.04"]
[SourceVersion "1"]
[SourceVersionDate "2025.06.04"]
[SourceQuality "1"]

1. Nf3 e6 2. e3 d5 3. c4 Nf6 4. b3 Be7 5. Bb2 0-0 6. Be2 c5 7. 0-0 Nbd7 8. Nc3 b6 9. d4 Bb7 10. a4 a5 11. Rc1 Ne4 12. Nxe4 dxe4 13. Ne1 f5 14. f4 cxd4 15. Bxd4 Nc5 16. Rb1 Qc7 17. Be5 Qc6 18. Nc2 Rad8 19. Nd4 Qc8 20. Qc2 Bf6 21. b4 Bxe5 22. fxe5 axb4 23. Rxb4 Qc7 24. Qb1 f4 25. Rxb6 fxe3 26. Rxf8+ Rxf8 27. Nxe6 Nxe6 28. Rxb7 Qxe5 29. Qd1 Qf4 30. h3 Qf2+ 31. Kh2 Nf4 32. Bf1 e2 33. Qa1 exf1N+ 0-1

[Event "Auckland North Shore op"]
[Site "Auckland"]
[Date "2025.04.16"]
[Round "1"]
[White "McDonald, Logan D"]
[Black "Isaac, Ceferino"]
[Result "0-1"]
[WhiteElo "1493"]
[BlackElo "1796"]
[PlyCount "92"]
[EventDate "2025.04.16"]
[EventType "swiss"]
[EventRounds "5"]
[EventCountry "NZL"]
[SourceTitle "CB23_2025"]
[SourceDate "2025.06.04"]
[SourceVersion "1"]
[SourceVersionDate "2025.06.04"]
[SourceQuality "1"]

1. e4 g6 2. d4 c5 3. Nc3 Bg7 4. Nf3 cxd4 5. Nxd4 Nc6 6. Be3 d6 7. Bb5 Bd7 8. 0-0 Nf6 9. h3 0-0 10. Qd2 Nxd4 11. Bxd4 a6 12. Bd3 Bc6 13. Be3 b5 14. a3 Qb8 15. Bh6 Rd8 16. Bxg7 Kxg7 17. f3 d5 18. e5 Qxe5 19. Rfe1 Qd4+ 20. Qf2 Qxf2+ 21. Kxf2 Re8 22. Ne2 e5 23. c3 e4 24. Nd4 Bb7 25. Bc2 exf3 26. Nxf3 Ne4+ 27. Kg1 Nd6 28. Rf1 Nc4 29. b3 Ne3 30. Rf2 Rac8 31. Rc1 Rxc3 32. Ng5 f6 33. Nxh7 Kxh7 34. Bxg6+ Kxg6 35. Rxc3 d4 36. Rd3 Nf5 37. Kf1 Re3 38. Rfd2 Be4 39. Rxe3 dxe3 40. Rd1 Bc2 41. Re1 Bd3+ 42. Kg1 e2 43. Kf2 Nd4 44. Ke3 Nc2+ 45. Kxd3 Nxe1+ 46. Kxe2 Nxg2 0-1

[Event "Asian-ch Seniors 65"]
[Site "Auckland"]
[Date "2022.10.18"]
[Round "7"]
[White "Isaac, Ceferino"]
[Black "Beach, Paul K"]
[Result "1/2-1/2"]
[WhiteElo "1770"]
[BlackElo "2086"]
[PlyCount "49"]
[EventDate "2022.10.15"]
[EventType "swiss"]
[EventRounds "9"]
[EventCountry "NZL"]
[SourceTitle "EXT 2024"]
[Source "ChessBase"]
[SourceDate "2023.10.10"]
[SourceVersion "1"]
[SourceVersionDate "2023.10.10"]
[SourceQuality "1"]

1. d4 Nf6 2. Nf3 g6 3. g3 Bg7 4. Bg2 0-0 5. 0-0 d6 6. Nbd2 Nbd7 7. e4 e5 8. c3 b6 9. Re1 Bb7 10. a4 a5 11. Qc2 Re8 12. b3 d5 13. exd5 Nxd5 14. Bb2 c5 15. dxe5 Nxe5 16. Nxe5 Bxe5 17. Nc4 Bc7 18. Red1 Qg5 19. h4 Qh5 20. Rd2 Rad8 21. Qd1 Qf5 22. Qf3 Qxf3 23. Bxf3 Re7 24. Rad1 Red7 25. Ne3 1/2-1/2

[Event "Asian-ch Seniors 65"]
[Site "Auckland"]
[Date "2022.10.15"]
[Round "2"]
[White "Marko, Helmut"]
[Black "Isaac, Ceferino"]
[Result "1/2-1/2"]
[WhiteElo "1882"]
[BlackElo "1770"]
[PlyCount "77"]
[EventDate "2022.10.15"]
[EventType "swiss"]
[EventRounds "9"]
[EventCountry "NZL"]
[SourceTitle "EXT 2024"]
[Source "ChessBase"]
[SourceDate "2023.10.10"]
[SourceVersion "1"]
[SourceVersionDate "2023.10.10"]
[SourceQuality "1"]

1. e4 c5 2. Nf3 g6 3. c3 Bg7 4. d4 cxd4 5. cxd4 d5 6. e5 a6 7. Nc3 Nc6 8. a3 Nh6 9. h3 0-0 10. Bd3 Bf5 11. 0-0 Bxd3 12. Qxd3 e6 13. Bg5 Qd7 14. b4 Nf5 15. g4 Nfe7 16. Qe3 Rae8 17. Kg2 b5 18. Bf6 Nc8 19. g5 N8e7 20. Nh4 Qa7 21. Rfd1 Rc8 22. Ne2 Rc7 23. Rdc1 Rfc8 24. Rc5 Bf8 25. Rcc1 Qb6 26. Bxe7 Bxe7 27. Nf3 a5 28. bxa5 Nxa5 29. Rxc7 Rxc7 30. Nd2 Nc4 31. Nxc4 Rxc4 32. h4 Qa5 33. Qd3 Qa4 34. Rb1 b4 35. axb4 Bxb4 36. Rc1 Qa2 37. Kf3 Ba3 38. Rb1 Bb4 39. Ra1 1/2-1/2

[Event "Auckland Stuart Memorial op"]
[Site "Auckland"]
[Date "2022.06.24"]
[Round "1"]
[White "Zhu, David Junyang"]
[Black "Isaac, Ceferino"]
[Result "1/2-1/2"]
[WhiteElo "1548"]
[BlackElo "1877"]
[PlyCount "58"]
[EventDate "2022.06.24"]
[EventType "swiss"]
[EventRounds "6"]
[EventCountry "NZL"]
[SourceTitle "EXT 2024"]
[Source "ChessBase"]
[SourceDate "2023.10.10"]
[SourceVersion "1"]
[SourceVersionDate "2023.10.10"]
[SourceQuality "1"]

1. d4 d6 2. c4 Nf6 3. g3 c6 4. Bg2 g6 5. Nf3 Bg7 6. 0-0 0-0 7. Nc3 Nbd7 8. e4 e5 9. h3 Qc7 10. Be3 Rb8 11. dxe5 Nxe5 12. Nxe5 dxe5 13. Bxa7 Ra8 14. Be3 Be6 15. Qe2 Rfd8 16. Rfd1 Bf8 17. b3 Bb4 18. Na4 Nd7 19. Rxd7 Rxd7 20. Nb6 Ra6 21. Nxd7 Qxd7 22. Rd1 Qc8 23. Bg5 Ba5 24. Kh2 Bc7 25. Rd2 Kg7 26. Qf3 Qf8 27. Qe3 Kg8 28. Bf6 h6 29. Qd3 c5 1/2-1/2

[Event "Asian-ch Seniors 65"]
[Site "Chess.com INT"]
[Date "2020.07.20"]
[Round "7.8"]
[White "Hamid, Rani"]
[Black "Isaac, Ceferino"]
[Result "1-0"]
[WhiteElo "2006"]
[BlackElo "1877"]
[PlyCount "93"]
[EventDate "2020.07.20"]
[EventType "swiss"]
[EventRounds "9"]
[EventCountry "UAE"]
[SourceTitle "EXT 2024"]
[Source "ChessBase"]
[SourceDate "2023.10.10"]
[SourceVersion "1"]
[SourceVersionDate "2023.10.10"]
[SourceQuality "1"]

1. e4 c5 2. Nf3 g6 3. d4 cxd4 4. Nxd4 Bg7 5. Nc3 Nc6 6. Be3 Nf6 7. Be2 0-0 8. 0-0 d6 9. Kh1 Bd7 10. f4 Nxd4 11. Bxd4 Bc6 12. Bf3 Qa5 13. a3 Rac8 14. e5 dxe5 15. Bxe5 Rfd8 16. Qe2 Bxf3 17. Qxf3 Nd5 18. Nxd5 Qxd5 19. Qxd5 Rxd5 20. Bxg7 Kxg7 21. Rf2 Rcd8 22. g3 Rd2 23. Raf1 e6 24. Kg2 Kf6 25. Kf3 Rxf2+ 26. Rxf2 Rd6 27. Ke3 h5 28. c4 a5 29. Rc2 Rb6 30. Kd4 a4 31. c5 Rb3 32. Ke4 Ke7 33. Kd4 f6 34. Kc4 h4 35. gxh4 Rf3 36. Kb5 Kd7 37. Kb6 Rb3+ 38. Ka5 Rf3 39. Kxa4 Rxf4+ 40. Kb5 Rxh4 41. Rd2+ Kc7 42. b4 Re4 43. a4 f5 44. Rg2 Rg4 45. Rxg4 fxg4 46. Kc4 g5 47. Kd4 1-0

[Event "Asian-ch Seniors 65"]
[Site "Chess.com INT"]
[Date "2020.07.20"]
[Round "4.8"]
[White "Isaac, Ceferino"]
[Black "Hazrat, Ali"]
[Result "0-1"]
[WhiteElo "1877"]
[BlackElo "1753"]
[PlyCount "68"]
[EventDate "2020.07.20"]
[EventType "swiss"]
[EventRounds "9"]
[EventCountry "UAE"]
[SourceTitle "EXT 2024"]
[Source "ChessBase"]
[SourceDate "2023.10.10"]
[SourceVersion "1"]
[SourceVersionDate "2023.10.10"]
[SourceQuality "1"]

1. e4 e5 2. Nf3 d6 3. d4 exd4 4. Nxd4 Bd7 5. Bc4 Nf6 6. Nc3 Be7 7. 0-0 0-0 8. h3 Nc6 9. Be3 Ne5 10. Bb3 c5 11. Nf3 b6 12. Qe2 Qc7 13. Nd5 Nxd5 14. Bxd5 Bc6 15. Rad1 Bxd5 16. Rxd5 a6 17. Rfd1 f6 18. Nh4 g6 19. f4 Nf7 20. Qg4 Qc8 21. Nf5 Re8 22. Nxd6 Bxd6 23. Qxc8 Raxc8 24. Rxd6 Nxd6 25. Rxd6 Rxe4 26. Kf2 Rce8 27. Rd3 f5 28. Kf3 Kf7 29. Rb3 R8e6 30. Bf2 b5 31. Ra3 c4 32. b3 cxb3 33. axb3 Rc6 34. Ra2 Rc3+ 0-1